Marketingová stratégia a jej nezastupiteľné miesto v systéme manažérstva kvality

Definovanie základov marketingovej stratégie v systéme manažérstva kvality. Zdôraznenie jeho väzby na strategické rozhodovanie v marketingovom procese. Dôležitosť koncipovania a uplatňovania marketingovej stratégie. Previazanosť na manažérske rozhodovanie. Tri základné manažérske úrovne. Východiská...

ver descrição completa

Na minha lista:
Detalhes bibliográficos
Autor principal: Jedlička, Milan
Formato: Capítulo de Livro
Idioma:eslovaco
Assuntos:
Tags: Adicionar Tag
Sem tags, seja o primeiro a adicionar uma tag!

MARC

LEADER 00000naa a2200000 4500
001 r043030
005 20231002070005.9
041 0 |a slo 
044 |a SK 
245 1 0 |a Marketingová stratégia a jej nezastupiteľné miesto v systéme manažérstva kvality  |c Milan Jedlička 
520 |a Definovanie základov marketingovej stratégie v systéme manažérstva kvality. Zdôraznenie jeho väzby na strategické rozhodovanie v marketingovom procese. Dôležitosť koncipovania a uplatňovania marketingovej stratégie. Previazanosť na manažérske rozhodovanie. Tri základné manažérske úrovne. Východiská tvorby marketingovej stratégie. Vyjadrenie základného manažérskeho rozpätia pre tvorbu marketingovej stratégie. 
610 2 0 |a stratégia marketingová 
610 2 0 |a riadenie kvality 
610 2 0 |a rozhodovanie manažérske 
610 2 0 |a rozhodovanie strategické 
610 2 0 |a systémy riadenia 
610 2 0 |a ciele podnikové 
610 2 0 |a stratégia podniková 
610 2 0 |a komunikácia marketingová 
100 1 |a Jedlička, Milan